Normal view
MARC view
- Barrett, Steven F
Entry Personal Name
001 - CONTROL NUMBER
- control field: 81624
003 - CONTROL NUMBER IDENTIFIER
- control field: NUST
005 - DATE AND TIME OF LATEST TRANSACTION
- control field: 20210823121154.0
008 - FIXED-LENGTH DATA ELEMENTS
- fixed length control field: 210823|| aca||aabn | a|a d
040 ## - CATALOGING SOURCE
- Original cataloging agency: NUST
- Transcribing agency: NUST
100 ## - HEADING--PERSONAL NAME
- Personal name: Barrett, Steven F
670 ## - SOURCE DATA FOUND
- Source citation: Work cat.: (NUST)33953: Barrett, Steven F., Embedded Systems Design and Applications with the 68HC12 and HCS12 /, 2008.
